Position of Transversal Competencies in University Settings
Problematika prierezových zručností a kompetencií v univerzitnom prostredí. Teoretický pohľad na kompetencie. Kompetencie z pohľadu vzdelávania. Kompetencie a stratégie na kurzoch cudzieho jazyka v univerzitnom prostredí.
Saved in:
| Main Author: | |
|---|---|
| Format: | Book Chapter |
| Language: | French |
| Subjects: | |
| Tags: |
No Tags, Be the first to tag this record!
|
MARC
| LEADER | 00000nla a2200000 4500 | ||
|---|---|---|---|
| 001 | 0210161 | ||
| 005 | 20240502073510.6 | ||
| 041 | 0 | |a fre | |
| 044 | |a SK | ||
| 245 | 1 | 0 | |a Position of Transversal Competencies in University Settings |c Iveta Rizeková |
| 520 | |a Problematika prierezových zručností a kompetencií v univerzitnom prostredí. Teoretický pohľad na kompetencie. Kompetencie z pohľadu vzdelávania. Kompetencie a stratégie na kurzoch cudzieho jazyka v univerzitnom prostredí. | ||
| 610 | 2 | 0 | |a vzdelávanie vysokoškolské |
| 610 | 2 | 0 | |a univerzity |
| 610 | 2 | 0 | |a jazyky cudzie |
| 610 | 2 | 0 | |a kompetencie |
| 610 | 2 | 0 | |a zručnosti |
| 100 | 1 | |a Rizeková, Iveta, 1961- | |